[Event "Berlin Mephisto 1st"]
[Site "Berlin East"]
[Date "1990.05.22"]
[Round "6"]
[White "Hort, Vlastimil"]
[Black "Mohr, Stefan"]
[Result "1-0"]
[WhiteElo "2560"]
[BlackElo "2425"]
[Annotator "Fuchs,R"]
[PlyCount "125"]
[EventDate "1990.05.16"]
[EventType "tourn"]
[EventRounds "9"]
[EventCountry "DDR"]
[EventCategory "11"]
[SourceTitle "EXT 1997"]
[Source "ChessBase"]
[SourceDate "1996.11.15"]
[SourceVersion "1"]
[SourceVersionDate "1996.11.15"]
[SourceQuality "1"]

{SCHACH 6/1990} 1. c4 e5 2. Nc3 Nc6 3. Nf3 g6 4. g3 Bg7 5. Bg2 f5 6. d3 d6 7.
O-O Nf6 8. Rb1 a5 9. a3 O-O 10. b4 axb4 11. axb4 h6 12. Ne1 Ne7 13. Qb3 c6 14.
b5 Be6 15. Ba3 Qc7 16. Nc2 c5 $1 17. Ra1 f4 18. Bb2 Nf5 19. b6 Qe7 20. Ra7 Rab8
21. Nd5 Nxd5 22. cxd5 Bd7 23. Bc1 h5 24. e3 fxe3 25. Bxe3 Qf6 26. Qb1 Bh6 27.
Bxh6 Nxh6 28. Ne3 Nf5 29. Nxf5 Bxf5 30. Ra4 Rf7 31. h3 Rbf8 32. Kh2 g5 33. Qd1
Qg6 34. Ra3 Qh6 35. Qd2 h4 36. g4 Bg6 37. Ra7 Bh7 38. Qe3 Qg7 39. Kg1 Rf4 40.
Qe2 Qf7 41. Qe3 Qg7 42. Raa1 Bg6 43. Ra3 Qh7 44. Rfa1 Kg7 45. Ra8 Bxd3 46. Rxf8
Kxf8 47. Ra8+ Kg7 48. Rc8 Qg6 49. Rc7+ Rf7 50. Qd2 $1 Ba6 51. Qe3 Kh6 $6 ({
Nötig war die Rückkehr} 51... Bd3) 52. Be4 Qg7 53. Rc8 Re7 54. Qf3 Bb5 55. Rg8
$1 Rf7 56. Rxg7 Kxg7 57. Qe3 Kh6 58. Qa3 Ba6 59. Qa4 Re7 60. Qa3 Rf7 61. Bf5
Re7 62. f3 Kg7 63. Qe3 (63. Qe3 {Nach} Kh6 64. Bc2 {dringt die weisse Dame
über e4 ein.}) 1-0

[Event "Moscow-ch"]
[Site "Moscow"]
[Date "1981.06.??"]
[Round "6"]
[White "Gulko, Boris F"]
[Black "Jussupow, Artur"]
[Result "1-0"]
[WhiteElo "2590"]
[BlackElo "2575"]
[Annotator "Gagarin,V"]
[PlyCount "75"]
[EventDate "1981.06.02"]
[EventType "tourn"]
[EventRounds "17"]
[EventCountry "URS"]
[SourceTitle "MCL"]
[Source "ChessBase"]
[SourceDate "1999.07.01"]
[SourceVersion "1"]
[SourceVersionDate "1999.07.01"]
[SourceQuality "1"]

1. c4 e5 2. Nc3 Nc6 3. g3 g6 4. Bg2 Bg7 5. d3 d6 6. e4 f5 7. Nge2 Nf6 (7... Nh6
) (7... Nge7) 8. O-O O-O 9. Nd5 Be6 (9... Nxd5 10. cxd5 Ne7 $14) (9... h6 10.
Rb1 Ne7 11. Nxf6+ Rxf6 12. d4 $14) (9... Nh5 10. exf5 (10. Be3 Be6 11. Qd2 Qd7
12. Rad1 Rae8 13. b3 Nd4 14. Bxd4 $14 {Larsen,B-Ivkov,B/Sousse izt/1967/})
10... gxf5 (10... Bxf5 $6 11. h3 Be6 12. g4 Nf6 13. Bg5 Ne7 14. d4 $1 $16 {
Smejkal,J-Kurajica,B/Sarajevo/1983/}) 11. Nec3 Nf6 12. Bg5 Nd4 13. f4 Be6 14.
Ne2 Nc6 15. Qd2 $14 {Smejkal,J-Adamski/Raach/1969/}) 10. h3 (10. Bg5 Qd7 11.
Qd2 (11. Rc1 Nh5 12. Qd2 Rf7 13. b4 Raf8 14. b5 Nd8 15. exf5 Bxf5 16. d4 $14 {
Serper,G-Ibragimov,I/URS-chT Azov/1991/1/2-1/2/28/}) 11... Rf7 (11... Nh5 12.
exf5 Bxf5 (12... gxf5 13. f4 Kh8 14. Rae1 Rae8 15. b4 Nd8 16. Ne3 $14 {Serper,
G-Sakaev,K/Kherson/1991/1/2-1/2/28/}) 13. Rae1 Rf7 14. b4 Bh3 $14 {Ribli,
Z-Ibragimov,I/Odorheiu Secuiesc/1993/1/2-1/2/21/}) (11... Kh8 12. Rac1 Rae8 13.
b3 Ng8 14. b4 Nd8 $14) (11... Rab8 12. Rac1 b6 13. b4 Nd4 14. Nxd4 exd4 15.
Bxf6 Bxf6 16. exf5 Bxf5 17. Nxf6+ Rxf6 18. Qf4 $16 {Ljubojevic,L-Meulders,R/
Brussels/1987/1:0/27/}) 12. Rae1 Raf8 13. f3 Ne8 14. Be3 $14 {Liberzon,
V-Smyslov,V/URS-ch/1967/1/2-1/2/24/}) (10. exf5 gxf5 11. Bg5 Qd7 12. Qd2 Rae8
$14) 10... Qd7 11. Kh2 f4 $6 (11... Rf7 $5 $14) (11... Rae8 $5 $14) 12. gxf4
Nh5 13. f5 $1 (13. fxe5 $2 dxe5 $44) 13... gxf5 14. exf5 Bxf5 15. Ng3 $1 Nxg3 (
15... Nf4 16. Bxf4 exf4 17. Nxf4 $16) 16. fxg3 $14 Nd4 (16... Bg6 $5 $14) 17.
Bg5 $1 Rae8 (17... c6 18. Ne7+ Kh8 19. Nxf5 $16) 18. g4 Bg6 19. Nf6+ Bxf6 20.
Bxf6 c6 21. Qd2 Ne6 22. Be4 Nf4 23. Bg5 d5 $6 (23... Qg7 $5 $14) 24. cxd5 cxd5
25. Bxg6 hxg6 26. Rae1 (26. Bxf4 $2 exf4 27. Rxf4 $4 Qd6 28. Raf1 g5 $19) (26.
d4 $6 Qh7 $1 27. Rf3 $140 Ne6 $1 $132) 26... d4 27. Bh6 (27. Bxf4 $6 exf4 28.
Rxf4 Rxf4 29. Rxe8+ Qxe8 30. Qxf4 Qe2+ $132) 27... Rf7 (27... Qh7 $2 28. Bxf4
exf4 29. Rxe8 Rxe8 30. Qxf4 $16) 28. Rf3 Kh7 29. Bg5 Nd5 30. Ref1 Ref8 31. Qe2
Qc7 {P e4} (31... Rxf3 32. Rxf3 Rxf3 33. Qxf3 Kg7 34. Qe4 Qe6 35. Kg3 $16 {
P h4-h5}) 32. Rxf7+ Rxf7 33. Rxf7+ Qxf7 34. Kg3 $16 Qc7 $6 (34... Qe6 35. Qe4
$16 {P h4-h5}) 35. Qe4 Nb4 $6 (35... Qd6 36. h4 $16) 36. Bf6 Nxd3 $1 (36... Nc6
37. g5 $18) 37. g5 Nxb2 $4 (37... Nf4 $8 38. Bxe5 Nh5+ 39. Kh4 Qe7 40. Qxd4 b6
$16) 38. Qh4+ $18 1-0

[Event "Vaujany op-A 8th"]
[Site "Vaujany"]
[Date "2017.07.20"]
[Round "8"]
[White "Gazik, Viktor"]
[Black "Van Osch, Mees"]
[Result "1-0"]
[WhiteElo "2462"]
[BlackElo "2316"]
[Annotator "Gazik,V"]
[PlyCount "73"]
[EventDate "2017.07.13"]
[EventType "swiss"]
[EventRounds "9"]
[EventCountry "FRA"]
[SourceTitle "EXT 2018"]
[Source "ChessBase"]
[SourceDate "2017.10.13"]
[SourceVersion "1"]
[SourceVersionDate "2017.10.13"]
[SourceQuality "1"]

1. c4 Nf6 2. Nc3 g6 3. g3 Bg7 4. Bg2 O-O 5. Nf3 d6 6. O-O Nc6 7. d3 e5 8. Rb1
a5 9. a3 Nd4 10. Bg5 Ne6 (10... h6 11. Bxf6 Qxf6 12. b4 axb4 13. axb4 c6 14. b5
Bg4 15. Nxd4 exd4 16. Ne4 Qe7 17. bxc6 bxc6 18. h3 Be6 19. Rb6 d5 20. cxd5 cxd5
21. Nd2 Ra2 22. Nf3 Qc5 23. Rb1 Bd7 24. Ra1 Rb2 25. Rb1 Ra2 26. Ra1 Rb2 27. Rb1
Ra2 {1/2-1/2 (27) Andriasian,Z (2600)-Goganov,A (2609) Kazan 2015}) 11. Bd2 c6
12. b4 axb4 13. axb4 Re8 14. b5 $146 (14. Ng5 h6 15. Nxe6 Bxe6 16. b5 d5 17.
bxc6 bxc6 18. Na4 Bg4 19. Re1 e4 20. h3 Bf5 21. cxd5 cxd5 22. Nc5 e3 23. Nb7
Qc7 24. Qc1 exf2+ 25. Kxf2 Qe7 26. Qc5 Qd7 27. g4 Ra2 28. Red1 Nxg4+ 29. hxg4
Bxg4 30. Bf1 Qf5+ 31. Ke1 Bxe2 32. Bxe2 Qxd3 33. Qf2 Rxd2 34. Rxd2 Qxb1+ 35.
Rd1 Qxb7 36. Kf1 Re5 37. Bf3 Rf5 38. Kg2 Qb3 39. Qe2 d4 40. Rd3 Qb8 {0-1 (40)
Foisor,C (2370)-Pavlovic,M (2525) Crans Montana 1999}) 14... Nc7 15. Bg5 d5 16.
bxc6 bxc6 17. d4 e4 18. Ne5 c5 19. cxd5 cxd4 20. Nc6 Qd7 (20... Qd6 21. Bxf6
dxc3 22. Bxg7 Kxg7 23. Qd4+ Qf6 24. Qc5 $14) 21. Bxf6 Bxf6 (21... dxc3 22. Bxg7
Kxg7 23. Qd4+ f6 24. Bxe4) 22. Nxe4 Bg7 23. Nxd4 Ra4 24. e3 Rxd4 25. exd4 Nxd5
26. Qb3 Ne7 27. d5 Nf5 28. Qb6 Nd4 29. Nf6+ Bxf6 30. Qxf6 Ne2+ 31. Kh1 Bb7 32.
Rbd1 Rc8 33. Rfe1 Nc3 34. Re7 Qf5 35. Qxf5 gxf5 36. Rc1 Ra8 37. Rxb7 1-0

[Event "Linares 09th"]
[Site "Linares"]
[Date "1991.??.??"]
[Round "9"]
[White "Gelfand, Boris"]
[Black "Anand, Viswanathan"]
[Result "1-0"]
[WhiteElo "2700"]
[BlackElo "2635"]
[Annotator "Gelfand,B"]
[PlyCount "123"]
[EventDate "1991.02.??"]
[EventType "tourn"]
[EventRounds "13"]
[EventCountry "ESP"]
[EventCategory "17"]
[SourceTitle "CBM 022"]
[Source "ChessBase"]
[SourceDate "1991.06.01"]
[SourceVersion "1"]
[SourceVersionDate "1991.06.01"]
[SourceQuality "1"]

1. Nf3 {Ribli} d6 2. g3 e5 3. Bg2 g6 4. O-O Bg7 5. c4 Nc6 6. Nc3 Nf6 (6... f5
$5 7. d3 Nf6) 7. d3 (7. d4 {- E6}) 7... O-O 8. Rb1 a5 9. Bg5 h6 10. Bxf6 Bxf6
11. a3 {>=} Re8 $6 (11... Bg7) (11... Be6 {Ribli} 12. Nd2 Qd7 13. Re1 Bg7 $13 {
Gedevanishvili,D-Martin,B Sydney 1990 CBM/20}) 12. b4 (12. Nd2 $5 {Ribli} Bg7
13. e3 $5 Ne7 14. b4 axb4 15. axb4 e4 16. d4 f5 17. Qb3 Kh8 18. Ra1 Rb8 19. b5
Ng8 20. Nd5 Nf6 21. b6 c6 22. Nxf6 Qxf6 23. Ra7 Be6 24. Qa4 Qd8 25. Qa5 Bg8 26.
Rc1 Bh7 27. c5 d5 28. Nb3 $14 {Duric,S-Fedorowicz Novi Sad ol 1990 50/(25)})
12... axb4 13. axb4 Nd4 (13... Bg7 $5 {Ribli} 14. b5 Ne7 15. Nd2 $2 e4 $1 $15 {
Vaganian,R-Lautier,J Manila izt 1990 CBM/19}) 14. Nd2 Bg7 15. e3 (15. b5 $5 Ra3
16. Nb3 c6 17. e3 Nxb3 18. Rxb3 Rxb3 19. Qxb3 $14) 15... Ne6 16. Qc2 (16. b5 e4
$1 17. d4 (17. Ncxe4 $2 f5 $19) 17... f5 $36) 16... c6 17. Ra1 (17. b5 Qc7 18.
bxc6 bxc6 19. Nb5 Qd7 $10) 17... Bd7 18. Nb3 Qc7 $6 {/\ 20.cd6 Qd6 21.Ne4+/=} (
18... Qb6 $1 19. Ne4 (19. Na5 Qc7) (19. b5 Rxa1 20. Rxa1 cxb5 21. Nd5 Qd8)
19... Qxb4 20. Rab1 Qa3 21. c5 (21. Ra1 $10) 21... d5 22. Nd6 Reb8 23. e4 Bf8
$1 $13) 19. c5 $1 d5 20. b5 $6 (20. Na4 $5 e4 21. d4 Ng5 22. Nb6 Rxa1 (22...
Rab8 23. Qe2 h5 24. Nxd7 $5 Qxd7 25. h4 Ne6 26. Bh3 f5 27. Ra7 $16) 23. Rxa1
Bg4 (23... Bh3 24. Bxh3 Nxh3+ 25. Kg2 Ng5 26. h4 Nf3 27. Nd2) 24. Ra7 Nf3+ 25.
Bxf3 Bxf3 26. Na5 $16) 20... Reb8 $5 21. Na4 (21. b6 $5 Qd8 22. Ne2 $1 $14 (22.
Ra7 $2 Rxa7 23. bxa7 Ra8 24. Ra1 Nc7 {/\ 25...Na6-/+})) 21... e4 (21... cxb5
22. Nb6 Rxa1 23. Rxa1 d4 24. exd4 exd4 25. Nxd7 Qxd7 26. Ra7 Qc8 $10) 22. d4
cxb5 23. Nb6 Rxa1 24. Nxa1 $6 (24. Rxa1 Bc6 25. Ra7 Rd8 $5 $10 {/\ 26...Qb8,27.
..Nc7}) 24... Bc6 25. Qa2 Rd8 26. Nc2 f5 $1 {><b6} 27. f4 $6 (27. Nb4 Qf7 $1) (
27. Rb1 Qf7 28. Bf1 f4 $1) 27... Qf7 $2 (27... Qe7 $1 28. Qa5 (28. Qa3 $6 Bf8)
(28. Nb4 Nxc5 $1) 28... Nxc5 29. dxc5 Qxc5 30. Na4 b6 (30... Qd6 31. Nc5 $1 b6
(31... d4 32. Ne6 $1 b6 $1 33. Qxb6 Rb8 34. Qa7 Rb7 35. Qa8+ Rb8 $10) 32. Qxb6
Rb8 33. Qa7 Ra8 34. Qb6 $10) 31. Nxc5 bxa5 32. Nd4 Bxd4 33. exd4 b4 {/\} 34.
Rb1 Rb8 35. Bf1 a4 36. Na6 (36. Be2 b3 37. Bd1 Rb4) 36... a3 $3 37. Nxb8 (37.
Rxb4 a2) 37... a2 $19) (27... exf3 28. Bxf3 Qf7 29. Nxd5 Nxd4 30. exd4 Bxd5 31.
Bxd5 Qxd5 32. Qxd5+ Rxd5 33. Rb1 Bxd4+ 34. Nxd4 Rxd4 35. Rxb5 Rd7 36. Rb6 $10)
28. Kh1 (28. Nb4 $2 {Ribli} Nxd4 $1 29. exd4 Bxd4+ 30. Kh1 Bxc5 $17) 28... Bf8
29. Qa5 (29. Qa3 Nxc5 $1 30. dxc5 Qe7 31. Qa5 Qxc5 32. Nd4 Re8 $1 $44 (32... b4
33. Ra1 $1)) 29... Qc7 $2 (29... Nxc5 30. dxc5 Bxc5 31. Na4 (31. Nd4 Qc7 32.
Ne6 Bxb6 33. Qc3 Qe7 34. Nxd8 Qxd8 $19) 31... b6 32. Nxb6 Rb8 33. Na4 (33. Qc3
Qe7) 33... Ra8 34. Qxa8+ (34. Qc3 Rxa4 35. Qxc5 Rc4 $19) 34... Bxa8 35. Nxc5
Qc7 36. Ra1 Qxc5 37. Rxa8+ Kf7 $19) 30. Qc3 Qf7 $2 (30... Qe7) 31. Na3 g5 32.
Rb1 Qe8 33. Qa5 Nc7 34. Bf1 gxf4 35. gxf4 {>=} Kh8 (35... Qh5 36. Qe1 Na8 37.
Nxb5 Nxb6 38. cxb6 Bxb5 $1 39. Rxb5 $10) 36. Be2 $5 Be7 37. Qe1 Qg6 38. Qg3 Qe6
(38... Qxg3 39. hxg3 Na8 40. Bxb5 $1 Nxb6 41. Bxc6 bxc6 42. Rxb6 $16) (38...
Qf6 39. Nxb5 Nxb5 40. Bxb5 Bxc5 41. dxc5 Bxb5 42. Rxb5 Rg8 43. Qe1 $1 $16) 39.
Nxb5 Nxb5 40. Bxb5 Rg8 41. Qh3 Kh7 42. Bxc6 bxc6 43. Rg1 (43. Ra1 Bd8 44. Qh5
Bc7 45. Ra7 Rg7 46. Ra8 Rg8 $10) 43... Rxg1+ 44. Kxg1 Kg6 $2 (44... Bd8 $1 45.
Kf2 Bc7 46. Qh5 Kg7 {/\ 47...Qf7=}) 45. Kf1 h5 (45... Bd8 46. Qg2+ Kf7 47. Qa2
Qg6 48. Qa7+ $16) 46. Qg2+ Kf7 47. Qe2 Qg6 48. Nd7 $1 Bf6 49. Nb8 Be7 50. Qg2
$1 $18 Qe6 51. Qb2 Qc8 52. Qb6 Bd8 53. Qa7+ Ke8 54. Ke2 h4 55. h3 Ba5 56. Kd1
Bc3 57. Qg7 Qe6 58. Qb7 Qg6 59. Nxc6 (59. Qxc6+ Qxc6 60. Nxc6 $18) 59... Qg1+
60. Kc2 Qf2+ 61. Kxc3 Qe1+ 62. Kb2 1-0

[Event "Bundesliga 9900"]
[Site "Germany"]
[Date "2000.03.13"]
[Round "13.2"]
[White "Beim, Valery"]
[Black "Gurevich, Mikhail"]
[Result "0-1"]
[WhiteElo "2563"]
[BlackElo "2694"]
[Annotator "Gurevich,M"]
[PlyCount "68"]
[EventDate "1999.10.09"]
[EventType "team-tourn"]
[EventRounds "15"]
[EventCountry "GER"]
[SourceTitle "CBM 076"]
[Source "ChessBase"]
[SourceDate "2000.05.31"]
[SourceVersion "1"]
[SourceVersionDate "2000.05.31"]
[SourceQuality "1"]
[WhiteTeam "Tegernsee"]
[BlackTeam "Godesberg"]
[WhiteTeamCountry "GER"]
[BlackTeamCountry "GER"]

1. c4 e5 2. Nc3 Nf6 3. Nf3 Nc6 4. a3 g6 5. g3 Bg7 6. Bg2 O-O 7. O-O d6 8. d3 h6
9. b4 a6 (9... Be6 10. Nd2 Qc8 11. Nd5 Bh3 12. e4 Bxg2 13. Kxg2 Qd7 14. Bb2 Ne7
15. Rc1 Nh7 16. Nxe7+ Qxe7 $11 {1/2-1/2 Smirin,I-Gelfand,B/Tel Aviv ISR 1999 
(25)}) 10. Rb1 Be6 11. Nd2 Qd7 12. Nd5 Ne8 13. a4 $5 {TN} (13. Re1 Bh3 14. Bh1
Nd4 15. e3 Ne6 16. Bb2 Rd8 17. a4 c6 18. Nb6 Qc7 19. a5 $13 {Chuchelov,
V-Winants,L Brussels 1997 0-1 (47)}) 13... Bh3 14. b5 axb5 15. axb5 Bxg2 16.
Kxg2 Nd8 17. Bb2 Ne6 18. Ra1 Rxa1 19. Qxa1 c6 20. Nc3 (20. Nb6 $5 Qc7 21. Qa7
Nf6 $13 (21... cxb5 22. cxb5 $14 {(/\23.Rc1)} Qc2 $2 23. Nbc4 $18)) 20... N8c7
21. bxc6 $6 (21. Qa7 $1 cxb5 22. Qxb7 bxc4 (22... Nc5 23. Qb6 Na4 24. Nxa4 bxa4
25. Ba3 Rd8 26. Ne4 $14) 23. Nxc4 Nc5 24. Qb6 Rd8 25. Ra1 N5e6 $13) 21... bxc6
$15 22. Qa4 Ra8 23. Qc2 Nd4 24. Qd1 Nce6 25. e3 Qb7 $5 (25... Nf5 26. Qc2 d5
$36) 26. Ba1 (26. exd4 Qxb2 27. d5 Qxc3 28. dxe6 Qxd3 $17) 26... Nf5 27. Qc2 {
[/\28.Rb1]} Qa7 $5 {[/\28...Qxe3]} (27... d5 28. Rb1 Qd7 29. cxd5 cxd5 30. Ne2
$15) 28. Re1 h5 29. Bb2 Rb8 30. Nf3 d5 $1 31. cxd5 cxd5 32. Nd1 $6 (32. Nxd5
Qa2 33. Rb1 Qxd5 34. e4 Qc5 35. Qxc5 Nxc5 36. exf5 Nxd3 $19) (32. e4 $5 dxe4
33. Nxe4 $15) 32... d4 $1 $17 33. exd4 (33. e4 Nd6 $36 {<<}) 33... Qb7 $5 {
[/\34...Qxf3 35.Kxf3 Nfxd4]} 34. Qe2 $2 (34. d5 Qxd5 35. Re4 $17) 34... Nh4+ $1
(34... Nh4+ 35. gxh4 Nf4+) 0-1

[Event "Pardubice KB op"]
[Site "Pardubice"]
[Date "2000.07.25"]
[Round "5"]
[White "Gurevich, Mikhail"]
[Black "Groszpeter, Attila"]
[Result "1-0"]
[WhiteElo "2667"]
[BlackElo "2478"]
[Annotator "Gurevich,M"]
[PlyCount "81"]
[EventDate "2000.07.21"]
[EventType "swiss"]
[EventRounds "9"]
[EventCountry "CZE"]
[SourceTitle "CBM 078"]
[Source "ChessBase"]
[SourceDate "2000.10.18"]
[SourceVersion "1"]
[SourceVersionDate "2000.10.18"]
[SourceQuality "1"]

1. c4 e5 2. Nc3 Nf6 3. Nf3 Nc6 4. a3 g6 5. g3 Bg7 6. Bg2 O-O 7. d3 d6 8. O-O h6
9. b4 a6 10. Rb1 Be6 11. Nd2 Qd7 12. Nd5 {'!'} Ne8 13. Ne4 $5 {TN [/\ 14.Bxh6,
14.Nec3]} (13. a4 {0-1 Beim,V-Gurevich,M/Godesberg GER 2000/The Week in Chess
280 (34) -inf 78]}) (13. Re1 Bh3 14. Bh1 Nd4 15. e3 Ne6 16. Bb2 Rd8 17. a4 c6
18. Nb6 Qc7 19. a5 f5 $132 {0-1 Chuchelov,V-Winants,L/Bruxelles 1997 (43)})
13... f5 14. Nec3 Rb8 $5 {[/\ 15...b5<=><<]} 15. a4 Ne7 $5 (15... a5 16. bxa5 (
16. b5 Nd8 {/\ 17...b6<=>>>}) 16... Nxa5 17. Ba3 {(/\18.c5|^<<)}) 16. Bd2 $5 {
[/\17.b5]} (16. b5 $6 a5 17. Nxe7+ Qxe7 18. Nd5 Qd7 19. Bd2 b6 $13) 16... Nf6
$6 (16... Nc8 $1 {(/\17...c6)} 17. b5 a5 18. f4 b6 $13 {(/\19...Ne7, 20...Nf6)}
) 17. Nxf6+ Rxf6 18. b5 $14 Rff8 (18... a5 19. Nd5 Bxd5 20. cxd5 $16) 19. bxa6
bxa6 20. Qc2 {[/\21.Rxb8, 22.Rb1]} Nc6 $5 {[/\21...Nb4]} 21. Rxb8 Rxb8 22. Rb1
Nb4 23. Qd1 a5 (23... c5 24. a5 $5 $14) 24. Nd5 $5 Bxd5 (24... c5 25. Bxh6 $18)
25. cxd5 Kh7 {[/\26...h5,27...Bh6<=>]} 26. e4 $1 $16 {[/\27.Bh3|^>>]} Rf8 27.
Bxb4 axb4 28. Rxb4 f4 29. a5 Ra8 30. Qa4 Qc8 31. Qb5 h5 32. Rb1 {[/\33.Ra1, 34.
a6]} (32. Ra4 $2 Rb8 $19) 32... fxg3 33. hxg3 Qa6 $6 $138 34. Qxa6 Rxa6 35. Ra1
Bh6 36. Ra2 $18 g5 37. Bf1 Ra7 38. Be2 g4 39. a6 Kg6 40. Bd1 Bg5 41. Ba4 (41.
Ba4 {(/\Ba4-c6-b7+-)} Rxa6 42. Be8+) 1-0

[Event "Sarajevo Bosnia 30th"]
[Site "Sarajevo"]
[Date "2000.05.23"]
[Round "6"]
[White "Gurevich, Mikhail"]
[Black "Bacrot, Etienne"]
[Result "1-0"]
[WhiteElo "2694"]
[BlackElo "2594"]
[Annotator "Gurevich,M"]
[PlyCount "115"]
[EventDate "2000.05.17"]
[EventType "tourn"]
[EventRounds "11"]
[EventCountry "BIH"]
[EventCategory "19"]
[SourceTitle "CBM 077"]
[Source "ChessBase"]
[SourceDate "2000.07.27"]
[SourceVersion "1"]
[SourceVersionDate "2000.07.27"]
[SourceQuality "1"]

1. c4 e5 2. Nc3 Nf6 3. Nf3 Nc6 4. g3 g6 5. Bg2 Bg7 6. O-O O-O 7. d3 d6 8. Rb1
a5 9. a3 Re8 10. Bg5 h6 11. Bxf6 Bxf6 12. b4 axb4 13. axb4 Bg7 14. b5 Ne7 15.
Qb3 c6 16. Nd2 Be6 17. Rfc1 d5 18. Qb4 (18. Qc2 $5) 18... Bf8 $5 (18... dxc4 $6
19. bxc6 bxc6 20. Nxc4 Nd5 21. Nxd5 cxd5 22. Nb6 Rb8 23. Qc5 {Hickl,
J-Kindermann,S ( 72; 1-0 ) Alterkirchen GER-ch 1999}) 19. Qb2 (19. bxc6 $6 bxc6
20. cxd5 cxd5 21. Nb5 (21. Qh4 Qd7 $15) 21... Nc6 22. Qb2 Qd7 $15) 19... Bg7 $5
(19... d4 20. Nce4 Nc8 {(/\ 21...Ba3, 21...f5)} 21. bxc6 bxc6 22. Qb7 $36) 20.
Qc2 $5 {TN} Kh7 $6 (20... d4 21. Nce4 $36) (20... f5 $5 {(/\21...e4)} 21. e4 $5
{Bacrot} fxe4 22. dxe4 d4 23. Na4 d3 24. Qb3 $13) 21. Nb3 $1 {[/\22.Nc5 |^]}
dxc4 (21... Qd6 22. bxc6 bxc6 23. cxd5 cxd5 24. Nb5 $14) 22. dxc4 Bxc4 23. Nc5
$44 cxb5 (23... b6 24. N5a4 Nf5 25. Bxc6 (25. bxc6 Nd4 26. c7 $5 (26. Qb2 Rxa4
27. Nxa4 Nxe2+ 28. Kh1 Nxc1 29. Rxc1 b5 $15) 26... Qxc7 27. Nb5 $1 Nxb5 28.
Qxc4 Qxc4 29. Rxc4 Rxa4 30. Rxa4 Nc3 $15) 25... Nd4 26. Qd1 $14) (23... Qb6 $2
24. N3a4 $18) (23... Rb8 24. Rd1 Qa5 25. N3e4 $5 {(/\26.Nd6|^)}) 24. Nxb5 Bxb5
25. Rxb5 Nf5 (25... Rb8 26. Rd1 Qc8 27. Bxb7 $14) 26. Rxb7 $14 Rc8 (26... Nd4
27. Qc4 $40) 27. Rxf7 Nd4 (27... Re7 28. Rxf5 $1 Rec7 (28... gxf5 29. Qxf5+ Kh8
30. Be4 $16) 29. Rf3 Rxc5 30. Qxc5 Rxc5 31. Rxc5 $16) 28. Qa2 (28. Qd1 $4 Rxc5
$1 29. Rxc5 Nf3+ $19) 28... Re7 (28... Qd6 29. Qa7 Rg8 30. Bf1 $16 {(/\31.e3)})
29. Rxe7 Qxe7 30. Nd3 $16 Rxc1+ 31. Nxc1 e4 $5 32. Qb1 e3 33. f4 Qc7 (33... Qc5
{(/\34...Qxc1)} 34. Kf1 Qh5 35. Be4 $1 Bf6 36. Kg2 $1 $18 Nxe2 37. Bf3) 34. Kf1
Kh8 35. Nd3 $138 (35. Be4 g5 36. Nd3 $18) 35... Qc2 $5 (35... Qc3 36. Qb8+ Kh7
37. Bd5 h5 38. Bg8+ Kh6 39. Qd8 $18) 36. Qxc2 Nxc2 37. Be4 g5 38. Nc5 Nd4 39.
fxg5 hxg5 40. Bb1 $6 (40. Bd3 {(/\41.Ne4)}) 40... Bf8 41. Nd7 (41. Ne4 $2 Nb3
$1 42. Bc2 Nd2+ $11) 41... Bg7 $6 {(/\ 42...Nc6, 43...Bd4, 44...Ne5 =)} (41...
Bb4 $16 {(/\ 42...Kg7)}) 42. Be4 $1 Nb3 43. Bd5 Nd4 44. Nb6 $1 {[/\45.Nc4]} Nf5
45. Nc4 Bd4 46. Kg2 Kg7 (46... g4 47. Be6 Nh6 48. Nd6 Kg7 49. Nf5+ $18) 47. Be6
Ne7 48. Kf3 Kf6 49. Ke4 $18 Ba1 50. Bd7 Bc3 51. Nxe3 Ba1 52. Ba4 Bb2 53. Nc4
Ba1 54. Nb6 Bb2 55. Kf3 Bd4 56. Nd7+ Kf5 57. Bc2+ Ke6 58. Nf8+ (58. Nf8+ Kf7
59. Nh7 Bf6 60. Kg4 $18) 1-0

[Event "Groningen PCA"]
[Site "Groningen"]
[Date "1993.??.??"]
[Round "9"]
[White "Gurevich, Mikhail"]
[Black "Polgar, Judit"]
[Result "0-1"]
[WhiteElo "2605"]
[BlackElo "2630"]
[Annotator "Hansen,Cu"]
[PlyCount "96"]
[EventDate "1993.12.??"]
[EventType "swiss"]
[EventRounds "11"]
[EventCountry "NED"]
[SourceTitle "CBM 039"]
[Source "ChessBase"]
[SourceDate "1994.04.01"]
[SourceVersion "1"]
[SourceVersionDate "1994.04.01"]
[SourceQuality "1"]

1. Nf3 {Ribli} Nf6 2. c4 g6 3. g3 Bg7 4. Bg2 O-O 5. Nc3 d6 6. d3 e5 7. O-O Nc6
8. Rb1 h6 (8... a5 $5 {Ribli}) 9. b4 (9. Bd2 Be6 10. b4 Qd7 11. b5 Nd8 12. Qa4
Bh3 $10 {Blackburne,J-Znosko Borovsky,E/Ostende-B/1907/}) 9... Be6 (9... a6 10.
Nd2 Ne7 (10... Be6 11. Nd5 Kh7 12. a4 Qd7 13. b5 axb5 14. axb5 Nd8 $14 {
Kramnik,V-Piket,J/Amsterdam VSB/1993/}) 11. a4 Nh7 12. Bb2 Ng5 $13 {
Maksimenko-Yurtaev,L/Leningrad chT/1989/}) 10. b5 (10. Nd2 Qd7 11. Nd5 Nh5 12.
b5 Nd8 13. Bb2 c6 14. Nc3 f5 15. Qb3 Kh7 16. bxc6 bxc6 17. Ba3 Rc8 18. e3 Nf7
19. f4 g5 $40 {Mestel,J-Polgar,J/Oviedo '25/1993/}) 10... Ne7 11. a4 (11. c5
dxc5 12. Nxe5 Nfd5 13. Nxd5 Bxd5 14. Nc4 Bxg2 15. Kxg2 a6 16. bxa6 Rxa6 17. Qb3
b6 $10 {Bartelborth,T-Sieglen,J/BL/1988/}) 11... c5 {/\Ne8,f7-f5; !? Ribli} (
11... Qc8 12. Ba3 Nd7 13. Nd2 Rb8 14. Nd5 Re8 15. Ne4 f5 16. Nec3 $14 {Miles,
A-Beljavsky,A/Hastings/1974/}) (11... Nd7 12. Nd2 Rb8 13. Nd5 f5 14. e3 g5 15.
a5 Bf7 $13 {Pantovic,X-Garcia Martinez,S/Roma op/1990/}) (11... Qd7 12. a5 (12.
Ba3 Bh3 13. c5 Bxg2 14. Kxg2 Rfe8 15. Qb3 Nf5 16. e4 Nd4 17. Nxd4 exd4 18. Nd5
dxc5 19. Nxf6+ Bxf6 20. Bxc5 $14 {Arsovic,Z-Cvorovic,M/Kladovo ch-YU/1991/})
12... Bh3 13. e4 Bxg2 14. Kxg2 Nh5 15. Nd5 $14 {Gollain,M-Rene,B/Paris-ch/1991/
}) 12. bxc6 $8 bxc6 13. Qc2 {/\c4-c5} (13. c5 $2 d5 14. Nxe5 d4 $17) 13... c5 {
>< Bc1} (13... Nd7 {Ribli} 14. Ba3 $14) 14. Nd2 Rc8 {/\Ne7-c6-b4} 15. Ba3 (15.
e3 $5 {Ribli}) 15... a5 {/\Ne7-c6-b4} 16. Rb7 Nc6 17. Bxc6 $1 (17. Nb5 {Ribli}
Nb4 $10) 17... Rxc6 18. Rfb1 h5 19. Bc1 (19. Nf3 $5 {Ribli}) 19... h4 20. Nf3
$6 (20. Nde4 $5 Nxe4 21. Nxe4 $14) 20... hxg3 21. hxg3 Bc8 22. Ra7 {/\Bg5+Nd5}
(22. Rb8 $5 {Ribli}) 22... Ra6 23. Rxa6 Bxa6 24. Bg5 Qd7 $1 25. Kg2 $6 (25.
Bxf6 Bxf6 26. Rb6 Bb7 27. Ne4 (27. Qb3 $6 Bc6 28. Nd5 Bd8 29. Rb8 Kg7 {/\Rh8})
27... Bxe4 $5 (27... Be7 $6 28. Rxd6 Qc7 29. Rd5 (29. Nf6+ $2 Bxf6 30. Rxf6 Kg7
$19) 29... Bxd5 30. cxd5 $44) 28. dxe4 Kg7 {/\Rh8+Qh3} 29. Qd3 Be7 (29... Rh8
30. Qxd6 $16) 30. Qd5 (30. Nxe5 Qd8 $17) 30... Qxa4 (30... Rh8 31. Rb7 Qh3 32.
Nh4 $14) 31. Kg2 $13 (31. Nxe5 $2 Qa1+ $19)) 25... Bb7 $15 26. Rh1 {?! Ribli} (
26. Bxf6 $5 {Ribli} Bxf6 27. Nd5 Bg7 28. Qb3 Bc6 29. Qb6 $13) 26... Nh5 {
! Ribli} 27. Qd2 (27. e4 f5 $40) 27... f5 {/\e5-e4 -+} 28. Nd5 Bxd5 29. cxd5
Qf7 $17 30. Qa2 e4 31. Ne1 Rb8 32. Nc2 (32. Bc1 Nf6 $19) 32... exd3 33. exd3 f4
(33... Rb2 34. Qc4 $13) 34. Qc4 fxg3 35. Rf1 (35. fxg3 Rf8 {/\Qf2+/Qf3+} (35...
Qf5 $17 {Ribli})) 35... Qf5 $19 36. Bc1 Re8 {/\Re2} 37. Be3 (37. Ne3 Nf4+ 38.
Kxg3 Qh3+ 39. Kxf4 Bh6#) (37. fxg3 {Ribli} Re2+ 38. Kg1 Qh3 $19) 37... Qe5 {
/\gxf2} 38. Qe4 Qxe4+ 39. dxe4 Rxe4 40. Rb1 (40. fxg3 Rxa4 $19) 40... Rxa4 41.
Rb8+ Kf7 $6 (41... Kh7) 42. Rb7+ Kf6 43. Bc1 Ra2 44. Ne3 g5 (44... Rxf2+ 45.
Kg1 Ra2 (45... Re2 46. Kf1) 46. Bb2+ $17) 45. Bb2+ Kg6 46. Bxg7 Rxf2+ 47. Kh3
Rh2+ 48. Kg4 g2 0-1